1861 1002 1097 1237 1277 1918 1222 1867 1166 1434 1232 1965 1640 1638 1496 1989 1997 1877 1251 1500 1236 1661 1625 1787 1565 1932 1373 1930 1143 1316 1608 1996 1295 1698 1988 1074 1616 1683 1263 1032 1691 1626 1860 1076 1123 1643 1696 1336 1511 1537 1232 1722 1347 1089 1875 1439 1086 1629 1620 1951 1097 1475 1231 1785 1845 1241 1934 1925 1368 1891 1136 1809 1394 1169 1142 1759 1713 1033 1043 1688 1140 1965 1892 1354 1904 1502 1575 1263 1748 1985 1553 1130 1976 1210 1982 1908 1826 1195 1763 BCNSPRNW ULIB Ver.6.0+V

เปลี่ยนเป็นภาษาไทย

Change to English
 แสดงรายละเอียดบรรณานุกรม
  กลับหน้าหลัก

Brief Record : Get Marc (ISO 2709) : E-mail record : QR code < ปิดหน้าต่าง
LEADER : 00000nam 2200000uu 4500
001    13399125684
003     ULIB
008    170716s2558||||th 000 0 tha d
020    ^a9786163202291
060  0 ^aWB541^bว181ด
100 0  ^aวรกานต์ นิยมวิทย์
245 00 ^aเดินถูกวิธี สุขภาพดีสร้างได้ง่ายๆ /^cวรกานต์ นิยมวิทย์
260    ^aกรุงเทพฯ :^bกอแก้ว สนพ.,^c2558
300    ^a304 หน้า :^bภาพประกอบ ;^c21 ซม.
650  0 ^aการเดิน^xการออกกำลังกาย
650  0 ^aสุขภาพ
945    ^p240^l0^i25256
999    ^aกัณชพร จุลอักษร
รายการนี้ยังไม่มีแท็ก
คุณยังไม่ได้ล็อกอิน คุณสามารถมีกิจกรรมร่วมกับเว็บไซต์ได้ แต่ต้องล็อกอินก่อน ::
  ล็อกอิน

รายการสื่อสารสนเทศ

ลำดับที่ ประเภท เลขเรียก/บาร์โค้ด สถานที่ สถานะ
1. วิทยาศาสตร์การแพทย์ และสุขภาพ
วิทยาศาสตร์การแพทย์ และสุขภาพ
WB541 ว181ด ฉ.1 
  Barcode: 25256
ห้องสมุดวิทยาเขตนครสวรรค์
►ส่วนจัดเก็บหนังสือเก่า นว.
บนชั้น
  ขอยืม

รายการใกล้เคียง
    ผู้แต่ง [วรกานต์ นิยมวิทย์]

    หัวเรื่อง [สุขภาพ]

BibComment


ยังไม่เคยถูกคอมเมนท์

คอมเมนท์ทรัพยากรรายการนี้
  คอมเมนท์: เดินถูกวิธี สุขภ..


 Copyright 2026. Bcnsprnw @Library